| 000 | 00805nam a2200241Ia 4500 | ||
|---|---|---|---|
| 003 | GCL | ||
| 008 | 140319s9999 xx 000 0 ara d | ||
| 020 | _a5785241977 | ||
| 040 |
_aGCL / _cGCL |
||
| 082 | 0 | 4 |
_a813.923 _bع س |
| 100 | 1 | _aطه وادى | |
| 245 | 1 | 0 |
_aالسرد فى الرواية المعاصرة ( الرجل الذى فقد ظله نموذجا ) / _cطه وادى |
| 700 | 1 | _aعبدالرحيم الكردى | |
| 250 | _aالاولى | ||
| 260 |
_aالقاهرة : _bمكتبة الاداب ، _c2006 |
||
| 300 |
_a336ص ؛ _c24سم |
||
| 650 | 0 | 4 | _aفن كتابة القصة |
| 650 | 0 | 4 | _aالسرد الادبى |
| 650 | 0 | 4 | _aالقصة العربية - تاريخ ونقد |
| 650 | 0 | 4 | _aالقصة - تاريخ ونقد |
| 650 | 0 | 4 | _aفتحى غانم |
| 942 |
_2ddc _cBK |
||
| 999 |
_c9545 _d9545 |
||